Šamaš-rēšī-išši

Saved in:
Bibliographic Details
Main Author: Bagg, Ariel M. (Author)
Format: Chapter/Article
Language:English
Published: 2011
In: The prosopography of the Neo-Assyrian empire ; Vol. 3, Pt. II: Š - z
Year: 2011, Pages: 1209
Online Access: Get full text
Author Notes:Ariel M. Bagg

MARC

LEADER 00000caa a22000002c 4500
001 1462024920
003 DE-627
005 20220811014711.0
007 tu
008 130806s2011 xx ||||| 00| ||eng c
035 |a (DE-627)1462024920 
035 |a (DE-576)392024926 
035 |a (DE-599)BSZ392024926 
035 |a (OCoLC)1340491533 
040 |a DE-627  |b ger  |c DE-627  |e rakwb 
041 |a eng 
084 |a 63  |2 sdnb 
100 1 |a Bagg, Ariel M.  |d 1959-  |0 (DE-588)1029353611  |0 (DE-627)733265510  |0 (DE-576)37722698X  |4 aut 
245 1 0 |a Šamaš-rēšī-išši  |c Ariel M. Bagg 
264 1 |c 2011 
300 |a 1 
336 |a Text  |b txt  |2 rdacontent 
337 |a ohne Hilfsmittel zu benutzen  |b n  |2 rdamedia 
338 |a Band  |b nc  |2 rdacarrier 
773 0 8 |i In  |t The prosopography of the Neo-Assyrian empire ; Vol. 3, Pt. II: Š - z  |d [Helsinki] : The Neo-Assyrian Text Corpus Project, 2011  |g (2011), Seite 1209  |h IX S., S. 1179 - 1450, 36 S.  |w (DE-627)1426920806  |w (DE-576)356920801  |z 9521013362  |z 9789521013362  |7 nnam  |a Šamaš-rēšī-išši 
773 1 8 |g year:2011  |g pages:1209  |g extent:1  |a Šamaš-rēšī-išši 
951 |a AR 
992 |a 20130806 
993 |a BookComponentPart 
994 |a 2011 
998 |g 1029353611  |a Bagg, Ariel M.  |m 1029353611:Bagg, Ariel M.  |d 910000  |d 950000  |d 950950  |e 910000PB1029353611  |e 950000PB1029353611  |e 950950PB1029353611  |k 0/910000/  |k 1/910000/950000/  |k 2/910000/950000/950950/  |p 1  |x j  |y j 
999 |a KXP-PPN1462024920  |e 2765081115 
BIB |a Y 
JSO |a {"name":{"displayForm":["Ariel M. Bagg"]},"relHost":[{"person":[{"given":"Heather D.","role":"edt","family":"Baker","display":"Baker, Heather D."}],"id":{"isbn":["9521013362","9789521013362"],"eki":["1426920806"]},"physDesc":[{"extent":"IX S., S. 1179 - 1450, 36 S."}],"title":[{"title":"Š - z / ed. by Heather D. Baker"}],"type":{"bibl":"book"},"recId":"1426920806","relMultPart":[{"language":["eng"],"name":{"displayForm":["ed. in chief Simo Parpola"]},"ga":1,"origin":[{"publisher":"Univ.","publisherPlace":"Helsinki","dateIssuedKey":"1998","dateIssuedDisp":"1998-"}],"title":[{"title_sort":"prosopography of the Neo-Assyrian empire","title":"The prosopography of the Neo-Assyrian empire"}],"type":{"bibl":"edited-book"},"recId":"1150184000","part":{"number_sort":["3,2"],"number":["Vol. 3, Pt. II"]},"person":[{"given":"Simo","role":"edt","display":"Parpola, Simo","family":"Parpola"}],"id":{"eki":["1150184000"],"isbn":["9514581628"]}}],"language":["eng"],"part":{"text":"(2011), Seite 1209","extent":"1","year":"2011","pages":"1209"},"origin":[{"publisher":"The Neo-Assyrian Text Corpus Project","publisherPlace":"[Helsinki]","dateIssuedKey":"2011","dateIssuedDisp":"2011"}],"disp":"Šamaš-rēšī-iššiThe prosopography of the Neo-Assyrian empire ; Vol. 3, Pt. II: Š - z"}],"language":["eng"],"physDesc":[{"extent":"1 S."}],"id":{"eki":["1462024920"]},"person":[{"family":"Bagg","display":"Bagg, Ariel M.","role":"aut","given":"Ariel M."}],"recId":"1462024920","origin":[{"dateIssuedKey":"2011","dateIssuedDisp":"2011"}],"title":[{"title":"Šamaš-rēšī-išši","title_sort":"Šamaš-rēšī-išši"}],"type":{"bibl":"chapter"}} 
SRT |a BAGGARIELMSAMASRESII2011